The contemporary animator /

Bibliographic Details
Main Author: Halas, John, 1912-1995
Format: Book
Language:English
Published: London ; Boston : Focal Press, 1990.
Subjects:

MARC

Tag First Indicator Second Indicator Subfields
LEADER 00000cam a2200000 a 4500
001 in00000997413
005 20210327063045.0
008 900731s1990 enka b 00110 eng
010 |a  90013825  
020 |a 0240512804 
035 |a (OCoLC)23176932 
035 |9 AEZ1622AM 
040 |a DLC  |c DLC  |d UtOrBLW 
049 |a TXAM 
050 0 0 |a TR897.5  |b .H32 1990 
082 0 0 |a 778.5/347  |2 20 
100 1 |a Halas, John,  |d 1912-1995. 
245 1 4 |a The contemporary animator /  |c John Halas. 
264 1 |a London ;  |a Boston :  |b Focal Press,  |c 1990. 
300 |a viii, 128 pages :  |b illustrations (some color) ;  |c 26 cm. 
336 |a text  |b txt  |2 rdacontent 
337 |a unmediated  |b n  |2 rdamedia 
338 |a volume  |b nc  |2 rdacarrier 
504 |a Includes bibliographical references (pages 125-126) and index. 
650 0 |a Animation (Cinematography) 
999 |a MARS 
999 f f |s 79be1da0-7bf3-3068-adad-ee6491c16f12  |i c8040562-acab-3a91-af5d-8fc0a32c2e6e  |t 0 
952 f f |p ric  |a Texas A&M University  |b Rellis Campus  |c Joint Library Facility  |d Remote Storage  |t 0  |e TR897.5 .H32 1990  |h Library of Congress classification  |i unmediated -- volume  |m A14815441828 
998 f f |a TR897.5 .H32 1990  |t 0  |l Remote Storage